| 000 | 01711nam0a2200349 i 4500 | ||
|---|---|---|---|
| 001 | RU\NLR\bibl\2039195 | ||
| 005 | 20240921194924.0 | ||
| 010 |
_a9785903090754 _91000 |
||
| 035 | _a(nilc)LIBNET\0000308941 | ||
| 035 | _a(NLR Aleph) 002026529 | ||
| 090 |
_a4529817 _c4529817 |
||
| 100 | _a20130123d2012 u y0rusy50 ca | ||
| 101 | 0 | _arus | |
| 102 | _aRU | ||
| 105 | _aa ||||||||| | ||
| 106 | _ar | ||
| 200 | 1 |
_aТовароведение и экспертиза животного сырья _eучебное пособие для студентов (бакалавров) высших учебных заведений, обучающихся по направлению 100800 "Товароведение" _fА.Б. Киладзе |
|
| 210 |
_aСанкт-Петербург _cПроспект науки _d2012 |
||
| 215 |
_a182, [1] с. _cил. _d22 |
||
| 320 | _aБиблиогр.: с. 181-183 и в подстроч. примеч. | ||
| 606 | 1 |
_aЖивотное сырье _jУчебные издания для высших учебных заведений _xТовароведение _91056005 _3RU\NLR\auth\66409098 |
|
| 606 | 2 |
_aЖивотное сырье _jУчебные издания для высших учебных заведений _xКачество _91055949 _3RU\NLR\auth\66409064 |
|
| 686 |
_a37.25 _vLBC/RL _2rubbk |
||
| 686 | _aЛ92-9я73-1 | ||
| 700 | 1 |
_aКиладзе _bА. Б. _gАндрей Бондоевич _4070 |
|
| 801 | 0 |
_aRU _bКемеровская ОНБ _c20130123 _grcr |
|
| 801 | 1 |
_aRU _bКемеровская ОНБ _c20130123 |
|
| 801 | 2 |
_aRU _bNLR _c20130228 _grcr |
|
| 830 | _aавт. раскрыт по кн. | ||
| 942 | _cBOOK | ||
| 980 | _aNBR | ||